00891nam a22002657a 45000010005000000030006000050050017000110080041000280200018000690400029000870500014001160820011001301000020001412450093001612500028002542600033002823000049003155050008003645200123003725210023004955210020005186500029005386500028005677000030005959469FISKH20260113164021.0260113b cb ||||| |||| 00| 0 eng d a9780670881352 aFISKHbengcFISKHdFISKH aPZ8.S37 S a813.54 aScieszka , Jon  aSquids will be squids :bfresh morals, beastly fables / cBy Jon Scieszka and Lane Smith aFirst published in 1998 aNew York :bViking , c1998. a46 pages : bcolor illustrations ;c31 cm .  aR  aContemporary fables with tongue-in-cheek morals address such topics as homework, curfews, and television commercials. 8 a720 bLexile AD 8 aR bRaz-Plus  aFunny vChildren's Books aHumorvChildren's Books aLeach , Molly eDesigner